Ustrojčivosť električeskoj dugi /

Gespeichert in:
Bibliographische Detailangaben
1. Verfasser: Novikov, Oleg Ja (Verfasst von)
Format: Buch
Sprache:Russisch
Veröffentlicht: Leningrad : Energija, 1978
Schlagworte:
Tags: Tag hinzufügen
Keine Tags, Fügen Sie das erste Tag hinzu!

MARC

LEADER 00000nam a22000003a 4500
001 stu39904
005 20150617225721.3
008 930318s1978----xxr-----------------rus-d
040 |a STU  |b slo 
041 0 |a rus 
044 |a xxr 
080 |a 537.52 
100 1 |a Novikov, Oleg Ja  |4 aut 
245 1 |a Ustrojčivosť električeskoj dugi /  |c [aut.]Oleg Ja. Novikov 
260 |a Leningrad :  |b Energija,  |c 1978 
300 |a 158 s 
650 7 |a Výboje elektrické  |2 stusub 
996 |b 284M055273  |c M*7236-1  |l MMKN  |s A  |a 24  |w stu39904_0001